1870 1097 1360 1553 1933 1018 1109 1961 1729 1516 1644 1436 1766 1509 1684 1680 1019 1994 1003 1227 1287 1226 1992 1591 1387 1483 1007 1430 1418 1811 1490 1655 1266 1890 1195 1205 1362 1879 1619 1075 1577 1037 1477 1358 1407 1996 1660 1408 1299 1196 1414 1977 1833 1130 1325 1457 1764 1486 1962 1134 1013 1266 1780 1599 1972 1573 1196 1162 1404 1480 1498 1631 1432 1502 1962 1764 1766 1649 1705 1625 1042 1062 1747 1268 1517 1879 1687 1277 1626 1514 1415 1563 1307 1726 1459 1688 1549 1741 1974 BCNSPRNW ULIB Ver.6.0+V

เปลี่ยนเป็นภาษาไทย

Change to English
 แสดงรายละเอียดบรรณานุกรม
  กลับหน้าหลัก

Brief Record : Get Marc (ISO 2709) : E-mail record : QR code < ปิดหน้าต่าง
LEADER : 00000nam 2200000uu 4500
001    13399112583
003     ULIB
008    110826s2553||||th 000 0 tha d
020    9786167058153
050 04 NX180.C45^bส778จ 2553
100 0  สุทัศน์ เยี่ยมวัฒนา
245 10 จัดพื้นที่ว่าง สรรค์สร้างโลกเด็ก = Space for children /^cสุทัศน์ เยี่ยมวัฒนา
246 31 Space for children
250    พิมพ์ครั้งที่ 1
260    กรุงเทพฯ :^bฐานบุ๊คส์,^c2553
300    191 หน้า :^bภาพประกอบ
650  2 Child care
650  2 Child development
945    ^p160^l0^i028006
995    ทศพร
999 ^a ทศพร
รายการนี้ยังไม่มีแท็ก
คุณยังไม่ได้ล็อกอิน คุณสามารถมีกิจกรรมร่วมกับเว็บไซต์ได้ แต่ต้องล็อกอินก่อน ::
  ล็อกอิน

รายการสื่อสารสนเทศ

ลำดับที่ ประเภท เลขเรียก/บาร์โค้ด สถานที่ สถานะ
- ไม่พบข้อมูล -

รายการใกล้เคียง
    ผู้แต่ง [สุทัศน์ เยี่ยมวัฒนา]

    หัวเรื่อง [Child care]
    หัวเรื่อง [Child development]

BibComment


ยังไม่เคยถูกคอมเมนท์

คอมเมนท์ทรัพยากรรายการนี้
  คอมเมนท์: จัดพื้นที่ว่าง สร..


 Copyright 2026. Bcnsprnw @Library